[Event "Bosnjaci op 28th"]
[Site "Bosnjaci"]
[Date "2024.01.08"]
[Round "8"]
[White "Ljikar, Zoran"]
[Black "Hadzovic, Amir"]
[Result "0-1"]
[WhiteElo "2200"]
[BlackElo "2307"]
[PlyCount "104"]
[EventDate "2024.01.03"]
[EventType "swiss"]
[EventRounds "9"]
[EventCountry "CRO"]
[SourceTitle "CB02_2024"]
[SourceDate "2024.01.10"]
[SourceVersion "1"]
[SourceVersionDate "2024.01.10"]
[SourceQuality "1"]

1. d4 Nf6 2. Nc3 d5 3. Bf4 e6 4. Nb5 Na6 5. e3 c6 6. Nc3 Bb4 7. Qd3 0-0 8. a3 Qa5 9. Rb1 Bxc3+ 10. Qxc3 Qxc3+ 11. bxc3 b6 12. h4 Bb7 13. a4 Nd7 14. Nf3 Rac8 15. h5 Nab8 16. h6 g6 17. a5 Ba6 18. Bxa6 Nxa6 19. Ne5 Nxe5 20. Bxe5 f6 21. Bd6 Rf7 22. axb6 Rb7 23. Ra1 Rxb6 24. Kd2 Rd8 25. Bg3 e5 26. Ra5 c5 27. Rha1 Nc7 28. Rxa7 Ne6 29. dxe5 f5 30. Re7 d4 31. cxd4 cxd4 32. Raa7 Rc6 33. Rad7 dxe3+ 34. fxe3 Rdc8 35. c4 g5 36. Rd6 Nc5 37. Rxc6 Rxc6 38. Rg7+ Kf8 39. Be1 Rxh6 40. Rc7 Ne4+ 41. Kd3 Rb6 42. Rxh7 Rb3+ 43. Kc2 Rb6 44. Ba5 Re6 45. Bc7 Rc6 46. Kd3 Kg8 47. Re7 Kf8 48. Bd6 Nxd6 49. Re6 Nxc4 50. Rxc6 Nxe5+ 51. Kd4 Nxc6+ 52. Kd5 Kf7 0-1

[Event "Bosnjaci op 28th"]
[Site "Bosnjaci"]
[Date "2024.01.07"]
[Round "7"]
[White "Hadzovic, Amir"]
[Black "Culum, Sanjin"]
[Result "0-1"]
[WhiteElo "2307"]
[BlackElo "2349"]
[PlyCount "104"]
[EventDate "2024.01.03"]
[EventType "swiss"]
[EventRounds "9"]
[EventCountry "CRO"]
[SourceTitle "CB02_2024"]
[SourceDate "2024.01.10"]
[SourceVersion "1"]
[SourceVersionDate "2024.01.10"]
[SourceQuality "1"]

1. e4 c5 2. Nc3 Nc6 3. Nge2 Nf6 4. g3 g6 5. Bg2 Bg7 6. 0-0 0-0 7. d3 d6 8. f4 Rb8 9. h3 Nd7 10. g4 b5 11. Ng3 Nd4 12. Nd5 b4 13. Ne3 a5 14. a4 Ba6 15. Bd2 b3 16. Bc3 bxc2 17. Nxc2 Qb6 18. Ne3 c4 19. Nd5 Qc5 20. Nxe7+ Kh8 21. Kh1 cxd3 22. Rc1 Nc2 23. Bxg7+ Kxg7 24. Qd2 Rfe8 25. Nd5 Nb6 26. Nxb6 Rxb6 27. f5 Qe5 28. Nh5+ Kh8 29. fxg6 fxg6 30. Qh6 Qe7 31. Nf6 Reb8 32. Nxh7 Qg7 33. Qxg7+ Kxg7 34. Ng5 Bc4 35. Rf2 Rxb2 36. Bf1 Ne3 37. Rxb2 Rxb2 38. Bxd3 Bxd3 39. Rc6 Nf1 40. Rxd6 Ng3+ 41. Kg1 Bf1 42. Ne6+ Kf6 43. Nf4+ Ke5 44. Nd3+ Bxd3 45. Rxd3 Nxe4 46. Rf3 Rb4 47. h4 Nd2 48. Re3+ Re4 49. Rxe4+ Nxe4 50. Kg2 Nc5 51. h5 gxh5 52. gxh5 Nxa4 0-1

[Event "BIH-chT 21st"]
[Site "Sarajevo"]
[Date "2023.11.08"]
[Round "9.5"]
[White "Culum, Sanjin"]
[Black "Hadzovic, Amir"]
[Result "1-0"]
[WhiteElo "2369"]
[BlackElo "2309"]
[PlyCount "83"]
[EventDate "2023.10.31"]
[EventType "team-tourn"]
[EventRounds "9"]
[EventCountry "BIH"]
[SourceTitle "Mega2024 Update 01"]
[Source "Chessbase"]
[SourceDate "2023.11.12"]
[SourceVersion "1"]
[SourceVersionDate "2023.11.12"]
[SourceQuality "1"]
[WhiteTeam "Cazin"]
[BlackTeam "Sarajevo SK"]
[WhiteTeamCountry "BIH"]
[BlackTeamCountry "BIH"]

1. e4 e5 2. Nf3 Nc6 3. Bc4 Nf6 4. d3 h6 5. 0-0 d6 6. a4 Be7 7. Nc3 Bg4 8. h3 Bh5 9. Be3 g5 10. Nd5 Nxd5 11. Bxd5 Bg6 12. a5 a6 13. c3 Qd7 14. d4 f6 15. dxe5 fxe5 16. Qb3 Nd8 17. Rad1 Bf6 18. Nd2 Kf8 19. Rfe1 Kg7 20. Nf1 h5 21. Ng3 c6 22. Bc4 h4 23. Nf1 g4 24. hxg4 h3 25. f3 hxg2 26. Ng3 Qe7 27. Kxg2 d5 28. exd5 e4 29. Bf4 exf3+ 30. Kxf3 Qf8 31. dxc6 Nxc6 32. Rd7+ Ne7 33. Qxb7 Re8 34. Kg2 Rh4 35. Be5 Kh6 36. Bxf6 Qxf6 37. Rdxe7 Rxe7 38. Rxe7 Rxg4 39. Be2 Rf4 40. Qa7 Bf7 41. Qb6 Bd5+ 42. Kg1 1-0

[Event "BIH-chT 21st"]
[Site "Sarajevo"]
[Date "2023.11.01"]
[Round "2.5"]
[White "Burovic, Ismet"]
[Black "Hadzovic, Amir"]
[Result "1-0"]
[WhiteElo "2329"]
[BlackElo "2309"]
[PlyCount "133"]
[EventDate "2023.10.31"]
[EventType "team-tourn"]
[EventRounds "9"]
[EventCountry "BIH"]
[SourceTitle "Mega2024 Update 01"]
[Source "Chessbase"]
[SourceDate "2023.11.12"]
[SourceVersion "1"]
[SourceVersionDate "2023.11.12"]
[SourceQuality "1"]
[WhiteTeam "Sarajevo Napredak"]
[BlackTeam "Sarajevo SK"]
[WhiteTeamCountry "BIH"]
[BlackTeamCountry "BIH"]

1. Nf3 d6 2. d4 Nf6 3. g3 g6 4. Bg2 Bg7 5. c4 c6 6. Nc3 Qa5 7. Qd2 0-0 8. 0-0 e5 9. Rd1 Re8 10. b3 Bf5 11. Bb2 Qc7 12. dxe5 dxe5 13. Qd6 Na6 14. Qxc7 Nxc7 15. h3 h5 16. Nh4 Bc8 17. Nf3 e4 18. Nd4 e3 19. f3 h4 20. g4 Bh6 21. Rd3 Bf4 22. Rad1 b5 23. Nxc6 bxc4 24. bxc4 Ba6 25. Nb4 Rac8 26. Nxa6 Nxa6 27. Nb5 Nc5 28. Ra3 a6 29. Bxf6 axb5 30. cxb5 Re6 31. Ba1 Rb8 32. Rc1 Nb7 33. Ra7 Nd6 34. a4 g5 35. Bd4 Nc8 36. Ra6 Rxa6 37. bxa6 Ra8 38. Rc3 Ne7 39. a7 Nd5 40. Rc5 Nb6 41. a5 Nc8 42. Rc3 Nxa7 43. Bxe3 Nb5 44. Rd3 Bxe3+ 45. Rxe3 Rxa5 46. Re5 f6 47. Rf5 Ra1+ 48. Kf2 Nc3 49. Rxf6 Nd1+ 50. Ke1 Ne3+ 51. Kf2 Nd1+ 52. Kg1 Nc3+ 53. Kh2 Nxe2 54. Rg6+ Kh7 55. Rxg5 Nf4 56. Rf5 Ra4 57. Bf1 Kg6 58. Kg1 Rb4 59. Kf2 Rb2+ 60. Ke3 Ne6 61. f4 Ng7 62. Rb5 Rh2 63. Rb6+ Kf7 64. Rb7+ Kf8 65. f5 Ne8 66. Kf3 Rh1 67. Kg2 1-0

[Event "BIH-chT 21st"]
[Site "Sarajevo"]
[Date "2023.10.31"]
[Round "1.5"]
[White "Hadzovic, Amir"]
[Black "Mrndjic, Muamer"]
[Result "1-0"]
[WhiteElo "2309"]
[BlackElo "2207"]
[PlyCount "127"]
[EventDate "2023.10.31"]
[EventType "team-tourn"]
[EventRounds "9"]
[EventCountry "BIH"]
[SourceTitle "Mega2024 Update 01"]
[Source "Chessbase"]
[SourceDate "2023.11.12"]
[SourceVersion "1"]
[SourceVersionDate "2023.11.12"]
[SourceQuality "1"]
[WhiteTeam "Sarajevo SK"]
[BlackTeam "Konjic Igman"]
[WhiteTeamCountry "BIH"]
[BlackTeamCountry "BIH"]

1. e4 c5 2. Nc3 e6 3. Nf3 Nc6 4. g3 d5 5. Bg2 Nf6 6. d3 Be7 7. 0-0 0-0 8. e5 Nd7 9. Re1 a6 10. h4 b5 11. Bf4 Bb7 12. h5 Nb6 13. Nh2 Nd4 14. Nb1 Bg5 15. c3 Nf5 16. Bxg5 Qxg5 17. Nd2 Nh6 18. Ndf1 Qe7 19. Ng4 Nxg4 20. Qxg4 h6 21. Nd2 Rad8 22. b3 d4 23. c4 Bxg2 24. Kxg2 bxc4 25. bxc4 Na4 26. f4 Rb8 27. Nb3 Rb6 28. Qf3 Qb7 29. Re2 Qc7 30. Rf2 Nc3 31. Re1 a5 32. Nxa5 Ra6 33. Nb7 Rfa8 34. Nd6 Rxa2 35. Ref1 f6 36. Qg4 Qe7 37. exf6 Qxf6 38. Kh3 Rxf2 39. Rxf2 e5 40. Ne4 Nxe4 41. dxe4 Qf7 42. Qe2 Ra3 43. fxe5 Qe6+ 44. Rf5 Re3 45. Qg4 Kh7 46. Rf8 Qxg4+ 47. Kxg4 Rxe4+ 48. Kf5 Re1 49. Rd8 Rf1+ 50. Ke6 Rh1 51. g4 Rg1 52. Kd5 Rxg4 53. Kxc5 Rg5 54. Kxd4 Rxh5 55. c5 Rh1 56. Rd6 Kg8 57. c6 Rc1 58. Kd5 h5 59. Ke6 h4 60. Kd7 h3 61. Rd2 g5 62. e6 g4 63. e7 Re1 64. c7 1-0

[Event "Travnik op"]
[Site "Travnik"]
[Date "2023.07.29"]
[Round "4"]
[White "Hadzovic, Amir"]
[Black "Dizdarevic, Emir"]
[Result "1/2-1/2"]
[WhiteElo "2294"]
[BlackElo "2362"]
[PlyCount "24"]
[EventDate "2023.07.27"]
[EventType "swiss"]
[EventRounds "7"]
[EventCountry "BIH"]
[SourceTitle "EXT 2024"]
[Source "ChessBase"]
[SourceDate "2023.10.10"]
[SourceVersion "1"]
[SourceVersionDate "2023.10.10"]
[SourceQuality "1"]

1. e4 c6 2. d3 g6 3. g3 Bg7 4. Bg2 d5 5. Nd2 e5 6. Ne2 Nf6 7. 0-0 0-0 8. b3 Re8 9. Bb2 d4 10. h3 c5 11. f4 exf4 12. Nxf4 Nc6 1/2-1/2

[Event "Pula op 35th"]
[Site "Pula"]
[Date "2023.06.18"]
[Round "2"]
[White "Hadzovic, Amir"]
[Black "Zinchenko, Vladimir"]
[Result "1-0"]
[WhiteElo "2304"]
[BlackElo "2015"]
[PlyCount "57"]
[EventDate "2023.06.17"]
[EventType "swiss"]
[EventRounds "9"]
[EventCountry "CRO"]
[SourceTitle "CBM 214 Extra"]
[Source "ChessBase"]
[SourceDate "2023.07.31"]
[SourceVersion "1"]
[SourceVersionDate "2023.07.31"]
[SourceQuality "1"]

1. e4 e5 2. Nc3 Nc6 3. Bc4 Nf6 4. d3 Be7 5. f4 d6 6. Nf3 0-0 7. 0-0 Bg4 8. h3 Bxf3 9. Qxf3 Nd4 10. Qf2 c6 11. a4 a6 12. Be3 b5 13. Ba2 b4 14. Bxd4 exd4 15. Ne2 c5 16. g4 Nd7 17. g5 Kh8 18. Qg2 g6 19. h4 f6 20. Rf3 Nb6 21. a5 Nd7 22. Be6 Ra7 23. Rh3 Kg7 24. Rf1 Qxa5 25. h5 fxg5 26. fxg5 Rxf1+ 27. Qxf1 Ne5 28. hxg6 hxg6 29. Rh7+ 1-0

[Event "Pula op 35th"]
[Site "Pula"]
[Date "2023.06.17"]
[Round "1"]
[White "Klement, Dubravko"]
[Black "Hadzovic, Amir"]
[Result "0-1"]
[WhiteElo "1817"]
[BlackElo "2304"]
[PlyCount "80"]
[EventDate "2023.06.17"]
[EventType "swiss"]
[EventRounds "9"]
[EventCountry "CRO"]
[SourceTitle "CBM 214 Extra"]
[Source "ChessBase"]
[SourceDate "2023.07.31"]
[SourceVersion "1"]
[SourceVersionDate "2023.07.31"]
[SourceQuality "1"]

1. d4 d6 2. c4 e5 3. dxe5 dxe5 4. Qxd8+ Kxd8 5. Nc3 Nf6 6. Bg5 Be6 7. Nf3 Nc6 8. 0-0-0+ Kc8 9. e3 Nd7 10. Be2 f6 11. Bh4 a5 12. Nd2 Nb6 13. f3 a4 14. Kc2 Bc5 15. Bf2 f5 16. Rhf1 Rd8 17. a3 g6 18. g4 f4 19. Bh4 Rxd2+ 20. Rxd2 Bxe3 21. Rdd1 Nxc4 22. Nd5 Bxd5 23. Rxd5 Nb6 24. Rd3 Nd4+ 25. Rxd4 exd4 26. Kd3 Nd7 27. Be7 Ra5 28. Bd1 Re5 29. Bb4 c5 30. Bd2 b5 31. Ba5 c4+ 32. Kc2 Nc5 33. h4 Nb3 34. Bb4 Kd7 35. Rh1 Kc6 36. g5 Kd5 37. Be1 d3+ 38. Kc3 Kc5 39. Bxb3 axb3 40. Rf1 d2 0-1

[Event "Titled Tuesday intern op 11th Apr Late"]
[Site "Chess.com INT"]
[Date "2023.04.11"]
[Round "4"]
[White "Hadzovic, Amir"]
[Black "Blanco Diez, David"]
[Result "1-0"]
[WhiteElo "2304"]
[BlackElo "2323"]
[PlyCount "93"]
[EventDate "2023.04.11"]
[EventType "swiss (blitz)"]
[EventRounds "11"]
[EventCountry "USA"]
[SourceTitle "CBM 213 Extra"]
[Source "ChessBase"]
[SourceDate "2023.05.31"]
[SourceVersion "1"]
[SourceVersionDate "2023.05.31"]
[SourceQuality "1"]

1. e4 g6 2. Nc3 Bg7 3. Bc4 c6 4. d3 Nf6 5. Bb3 d5 6. Nge2 e5 7. 0-0 0-0 8. Ng3 h5 9. Re1 d4 10. Nce2 c5 11. Bg5 Nc6 12. f4 exf4 13. Nxf4 Bg4 14. Qd2 Qd7 15. h3 Nh7 16. hxg4 Nxg5 17. Nxg6 Qxg4 18. Qf4 Qxf4 19. Nxf4 h4 20. Nf5 h3 21. Nxh3 Nxh3+ 22. gxh3 Be5 23. Kf2 Kh7 24. Rg1 a5 25. Rg4 Bf6 26. Rag1 Ne5 27. R4g2 a4 28. Bd5 Rg8 29. Rxg8 Rxg8 30. Rxg8 Kxg8 31. Bxb7 c4 32. Ba6 cxd3 33. cxd3 Nc6 34. a3 Na5 35. Bb5 Nb3 36. Bxa4 Nc5 37. Bb5 Kf8 38. b4 Nb7 39. a4 Be5 40. a5 Nd6 41. Bc6 Nxf5 42. exf5 Bd6 43. b5 Bb4 44. a6 Bc5 45. Kf3 Ke7 46. Ke4 Kd6 47. h4 1-0

[Event "Titled Tuesday intern op 11th Apr Late"]
[Site "Chess.com INT"]
[Date "2023.04.11"]
[Round "9"]
[White "Hadzovic, Amir"]
[Black "Skaric, Djuro"]
[Result "1-0"]
[WhiteElo "2304"]
[BlackElo "2334"]
[PlyCount "83"]
[EventDate "2023.04.11"]
[EventType "swiss (blitz)"]
[EventRounds "11"]
[EventCountry "USA"]
[SourceTitle "CBM 213 Extra"]
[Source "ChessBase"]
[SourceDate "2023.05.31"]
[SourceVersion "1"]
[SourceVersionDate "2023.05.31"]
[SourceQuality "1"]

1. e4 d6 2. Nc3 g6 3. Bc4 Bg7 4. d3 Nc6 5. f4 a6 6. Nf3 e6 7. Bb3 Nf6 8. 0-0 0-0 9. Qe1 b5 10. Qh4 Na5 11. f5 exf5 12. Bg5 Nxb3 13. axb3 h6 14. Bxh6 Bxh6 15. Qxh6 Ng4 16. Qf4 fxe4 17. dxe4 Bb7 18. h3 Ne5 19. Nxe5 dxe5 20. Qxe5 Re8 21. Qf4 Qd4+ 22. Kh1 Re7 23. Rad1 Qg7 24. Rf3 Rae8 25. Rdf1 b4 26. Nd5 Bxd5 27. exd5 Qxb2 28. R3f2 Qc3 29. d6 cxd6 30. Qxd6 a5 31. Qd5 Qc7 32. Rf6 Rd8 33. Rxg6+ Kf8 34. Qh5 Ke8 35. Qb5+ Kf8 36. Qg5 Ke8 37. Rg8+ Kd7 38. Rd1+ Kc6 39. Rgxd8 Kb6 40. R8d6+ Kb7 41. Qb5+ Ka7 42. Ra6# 1-0

[Event "Titled Tuesday intern op 11th Apr Late"]
[Site "Chess.com INT"]
[Date "2023.04.11"]
[Round "3"]
[White "Kohler, Aran"]
[Black "Hadzovic, Amir"]
[Result "0-1"]
[WhiteElo "2010"]
[BlackElo "2304"]
[PlyCount "66"]
[EventDate "2023.04.11"]
[EventType "swiss (blitz)"]
[EventRounds "11"]
[EventCountry "USA"]
[SourceTitle "CBM 213 Extra"]
[Source "ChessBase"]
[SourceDate "2023.05.31"]
[SourceVersion "1"]
[SourceVersionDate "2023.05.31"]
[SourceQuality "1"]

1. d4 d6 2. Bg5 g6 3. c3 Bg7 4. Nd2 Nf6 5. e3 0-0 6. Bd3 b6 7. Ngf3 Bb7 8. h4 h5 9. e4 Nbd7 10. Qb3 Nh7 11. e5 Nxg5 12. hxg5 e6 13. exd6 cxd6 14. 0-0-0 Rc8 15. Kb1 Bd5 16. Qc2 b5 17. Bxb5 Nb6 18. Bd3 Rb8 19. Ka1 a5 20. Nh4 Qxg5 21. Nxg6 fxg6 22. Bxg6 Rxf2 23. Rxh5 Qxg2 24. Qd3 Nc4 25. Nxc4 Bxc4 26. Bh7+ Kf7 27. Qxc4 Qg4 28. Qc7+ Kf6 29. Rhh1 Rbxb2 30. Bb1 Qe2 31. Qc4 Qxc4 32. Rhf1 Rxa2+ 33. Bxa2 Qxa2# 0-1

[Event "Konjic op 12th"]
[Site "Konjic"]
[Date "2023.03.02"]
[Round "3"]
[White "Hadzovic, Amir"]
[Black "Corovic, Sean"]
[Result "1-0"]
[WhiteElo "2285"]
[BlackElo "2198"]
[PlyCount "71"]
[EventDate "2023.03.01"]
[EventType "swiss"]
[EventRounds "7"]
[EventCountry "BIH"]
[SourceTitle "CBM 213 Extra"]
[Source "ChessBase"]
[SourceDate "2023.05.31"]
[SourceVersion "1"]
[SourceVersionDate "2023.05.31"]
[SourceQuality "1"]

1. e4 d5 2. exd5 Qxd5 3. Nc3 Qd8 4. d4 c6 5. Nf3 Bf5 6. Ne5 Nd7 7. Nxf7 Kxf7 8. Qf3 e6 9. g4 Qf6 10. gxf5 Qxf5 11. Qe3 Re8 12. Bd3 Qg4 13. Ne4 h6 14. h3 Qg2 15. Ng3 Ngf6 16. Bd2 Bd6 17. 0-0-0 Nd5 18. Qe2 Nf4 19. Bxf4 Bxf4+ 20. Kb1 Bxg3 21. Be4 Qxh1 22. Rxh1 Bd6 23. Rg1 g5 24. Qf3+ Ke7 25. Qb3 Nb6 26. a4 Rb8 27. Re1 Kd7 28. c4 Bf4 29. a5 Nc8 30. Bg6 Rf8 31. c5 Rf6 32. Bf7 Ne7 33. Bxe6+ Kc7 34. Qd3 Rh8 35. a6 Kb8 36. Qb3 1-0

[Event "Titled Tuesday intern op 15th Nov Early"]
[Site "Chess.com INT"]
[Date "2022.11.15"]
[Round "4"]
[White "Hadzovic, Amir"]
[Black "Fabris, Alberto"]
[Result "1-0"]
[WhiteElo "2276"]
[BlackElo "2230"]
[PlyCount "89"]
[EventDate "2022.11.15"]
[EventType "swiss (blitz)"]
[EventRounds "11"]
[EventCountry "USA"]
[SourceTitle "CBM 211 Extra"]
[Source "ChessBase"]
[SourceDate "2023.01.31"]
[SourceVersion "1"]
[SourceVersionDate "2023.01.31"]
[SourceQuality "1"]

1. e4 c6 2. Nf3 d5 3. d3 dxe4 4. dxe4 Qxd1+ 5. Kxd1 g6 6. Nfd2 Bg7 7. f3 Nf6 8. c3 0-0 9. Kc2 b6 10. a4 Bb7 11. a5 Rd8 12. Na3 b5 13. Nb3 Nbd7 14. Be3 a6 15. Be2 Rac8 16. Rhd1 Bf8 17. Bc5 e6 18. Bxf8 Kxf8 19. Rd2 c5 20. Rad1 Ke7 21. Kb1 Nh5 22. g3 f5 23. exf5 gxf5 24. Nc2 f4 25. g4 Nhf6 26. h4 Nd5 27. c4 bxc4 28. Bxc4 Ne5 29. Na3 Nxf3 30. Rf2 Ne5 31. Re1 Kd6 32. Bf1 Nxg4 33. Nc4+ Ke7 34. Rg2 h5 35. Be2 Rg8 36. Bf3 Bc6 37. Rge2 Rg6 38. Nxc5 Nde3 39. Nb6 Bxf3 40. Nxc8+ Kd8 41. Rd2+ Kxc8 42. Rc1 e5 43. Ne6+ Kb7 44. Rc7+ Kb8 45. Rd8# 1-0

[Event "Titled Tuesday intern op 15th Nov Early"]
[Site "Chess.com INT"]
[Date "2022.11.15"]
[Round "6"]
[White "Melikyan, Gnel"]
[Black "Hadzovic, Amir"]
[Result "0-1"]
[WhiteElo "2238"]
[BlackElo "2276"]
[PlyCount "54"]
[EventDate "2022.11.15"]
[EventType "swiss (blitz)"]
[EventRounds "11"]
[EventCountry "USA"]
[SourceTitle "CBM 211 Extra"]
[Source "ChessBase"]
[SourceDate "2023.01.31"]
[SourceVersion "1"]
[SourceVersionDate "2023.01.31"]
[SourceQuality "1"]

1. b3 e5 2. Bb2 d6 3. Nf3 f5 4. e3 Nf6 5. Be2 Be7 6. 0-0 c6 7. c4 0-0 8. c5 e4 9. cxd6 Bxd6 10. Ne5 Nbd7 11. d4 Bxe5 12. dxe5 Nd5 13. Nc3 N7b6 14. a4 a5 15. Qd4 Be6 16. Ba3 Rf7 17. Rfd1 Rd7 18. Bd6 Nb4 19. Rab1 N6d5 20. Nxd5 Nxd5 21. Bc4 Qe8 22. g3 Nb4 23. Qb6 Bxc4 24. bxc4 Nd3 25. Qd4 Qe6 26. Rb6 Nxe5 27. Kg2 Nxc4 0-1

[Event "BIH-chT 20th"]
[Site "Neum"]
[Date "2022.09.17"]
[Round "8.3"]
[White "Batinic, Predrag"]
[Black "Hadzovic, Amir"]
[Result "1/2-1/2"]
[WhiteElo "2300"]
[BlackElo "2282"]
[PlyCount "21"]
[EventDate "2022.09.10"]
[EventType "team-tourn"]
[EventRounds "9"]
[EventCountry "BIH"]
[SourceTitle "CBM 210 Extra"]
[Source "ChessBase"]
[SourceDate "2022.11.30"]
[SourceVersion "1"]
[SourceVersionDate "2022.11.30"]
[SourceQuality "1"]
[WhiteTeam "Bihac"]
[BlackTeam "Sarajevo SK"]
[WhiteTeamCountry "BIH"]
[BlackTeamCountry "BIH"]

1. Nf3 d6 2. g3 e5 3. Bg2 f5 4. d3 Nf6 5. e4 Be7 6. Nc3 0-0 7. 0-0 c6 8. Re1 fxe4 9. dxe4 Bg4 10. Qd3 Na6 11. Be3 1/2-1/2

[Event "BIH-chT 20th"]
[Site "Neum"]
[Date "2022.09.15"]
[Round "6.4"]
[White "Hadzovic, Amir"]
[Black "Jelcic, Marko"]
[Result "1/2-1/2"]
[WhiteElo "2282"]
[BlackElo "2179"]
[PlyCount "106"]
[EventDate "2022.09.10"]
[EventType "team-tourn"]
[EventRounds "9"]
[EventCountry "BIH"]
[SourceTitle "CBM 210 Extra"]
[Source "ChessBase"]
[SourceDate "2022.11.30"]
[SourceVersion "1"]
[SourceVersionDate "2022.11.30"]
[SourceQuality "1"]
[WhiteTeam "Sarajevo SK"]
[BlackTeam "Siroki Brijeg"]
[WhiteTeamCountry "BIH"]
[BlackTeamCountry "BIH"]

1. e4 c5 2. Nf3 Nc6 3. g3 g6 4. Bg2 Bg7 5. 0-0 d6 6. c3 e5 7. d3 Nge7 8. a3 0-0 9. b4 b5 10. a4 bxa4 11. b5 Nb8 12. Qxa4 Bb7 13. Bg5 f6 14. Be3 a6 15. Nbd2 axb5 16. Qxb5 Rxa1 17. Rxa1 Bc6 18. Qb3+ Kh8 19. d4 cxd4 20. cxd4 d5 21. dxe5 dxe4 22. Nd4 Bd5 23. Qa3 f5 24. f4 exf3 25. N2xf3 h6 26. Nh4 Re8 27. Qc5 Bxg2 28. Kxg2 Qd5+ 29. Qxd5 Nxd5 30. Bf2 Kh7 31. Nhf3 Nd7 32. Ra5 Nc3 33. Nc6 Ne4 34. Bd4 Nf8 35. Ra7 Ne6 36. Bb2 N4c5 37. h4 Rc8 38. Ne7 Rb8 39. Bd4 Rb7 40. Bxc5 Nxc5 41. Rxb7 Nxb7 42. h5 gxh5 43. Nxf5 Nc5 44. Kf1 Kg6 45. Nd6 Bf8 46. Nh4+ Kg5 47. Nf7+ Kg4 48. Kg2 Ne6 49. Nd6 Bg7 50. Nf3 Bf8 51. Kf2 Bg7 52. Kg2 Bf8 53. Kf2 Bg7 1/2-1/2

[Event "Pula op 34th"]
[Site "Pula"]
[Date "2022.06.23"]
[Round "7"]
[White "Hadzovic, Amir"]
[Black "Babic, Drasko"]
[Result "1-0"]
[WhiteElo "2270"]
[BlackElo "2205"]
[PlyCount "60"]
[EventDate "2022.06.18"]
[EventType "swiss"]
[EventRounds "9"]
[EventCountry "CRO"]
[SourceTitle "CBM 209 Extra"]
[Source "ChessBase"]
[SourceDate "2022.09.30"]
[SourceVersion "1"]
[SourceVersionDate "2022.09.30"]
[SourceQuality "1"]

1. e4 e5 2. Nc3 Nf6 3. f4 d5 4. fxe5 Nxe4 5. Qf3 Bc5 6. Nxe4 dxe4 7. Qxe4 Bxg1 8. Rxg1 c5 9. Bb5+ Nc6 10. b3 0-0 11. Bb2 Ne7 12. Rf1 Qb6 13. Bd3 g6 14. g4 Be6 15. Bc4 Qc6 16. Qe2 a6 17. 0-0-0 b5 18. Bxe6 fxe6 19. Rf6 Nd5 20. Rdf1 Nxf6 21. exf6 Rad8 22. h4 Kf7 23. Qe3 Qg2 24. Rg1 Qh2 25. Be5 Qxh4 26. Qxc5 Rd7 27. Qc6 Rfd8 28. Rh1 Qf2 29. Rxh7+ Kg8 30. f7+ Kf8 1-0

[Event "Pula op 34th"]
[Site "Pula"]
[Date "2022.06.22"]
[Round "6"]
[White "Balinski, Damian"]
[Black "Hadzovic, Amir"]
[Result "0-1"]
[WhiteElo "2174"]
[BlackElo "2270"]
[PlyCount "78"]
[EventDate "2022.06.18"]
[EventType "swiss"]
[EventRounds "9"]
[EventCountry "CRO"]
[SourceTitle "CBM 209 Extra"]
[Source "ChessBase"]
[SourceDate "2022.09.30"]
[SourceVersion "1"]
[SourceVersionDate "2022.09.30"]
[SourceQuality "1"]

1. d4 d6 2. c4 e5 3. e3 f5 4. Nc3 Nf6 5. g3 Be7 6. Bg2 c6 7. Nge2 0-0 8. 0-0 Na6 9. c5 d5 10. dxe5 Ne4 11. f4 Naxc5 12. b3 a5 13. Bb2 b6 14. Nd4 Qe8 15. Qc2 Qg6 16. a3 Ba6 17. Rfd1 Rac8 18. b4 Nxc3 19. Bxc3 Ne4 20. Be1 Bc4 21. bxa5 bxa5 22. Bxa5 Ra8 23. Be1 Rxa3 24. Rxa3 Bxa3 25. Ra1 Bc5 26. Qa4 h5 27. Bxe4 fxe4 28. Bb4 Bxd4 29. exd4 Rxf4 30. e6 e3 31. e7 Re4 32. Qa8+ Kh7 33. Qf8 e2 34. Kg2 Re6 35. Ra8 Qe4+ 36. Kh3 Qg4+ 37. Kg2 e1N+ 38. Bxe1 Qe4+ 39. Kh3 Rxe7 0-1

[Event "Sarajevo Galijatovic Memorial 8th"]
[Site "Sarajevo"]
[Date "2022.03.17"]
[Round "9"]
[White "Hadzovic, Amir"]
[Black "Trkulja, Goran"]
[Result "1/2-1/2"]
[WhiteElo "2290"]
[BlackElo "2255"]
[PlyCount "37"]
[EventDate "2022.03.12"]
[EventType "tourn"]
[EventRounds "9"]
[EventCountry "BIH"]
[SourceTitle "CBM 207 Extra"]
[Source "ChessBase"]
[SourceDate "2022.05.31"]
[SourceVersion "1"]
[SourceVersionDate "2022.05.31"]
[SourceQuality "1"]

1. e4 e5 2. Nf3 Nc6 3. Nc3 Nf6 4. Bb5 Bc5 5. d3 d6 6. Be3 Bb6 7. h3 Bd7 8. 0-0 Ne7 9. Bxd7+ Qxd7 10. Re1 Bxe3 11. Rxe3 Ng6 12. d4 exd4 13. Nxd4 0-0 14. Qd2 Rfe8 15. Rae1 Re5 16. Nf3 Ree8 17. Nd4 Re5 18. Nf3 Ree8 19. Nd4 1/2-1/2

[Event "Sarajevo Galijatovic Memorial 8th"]
[Site "Sarajevo"]
[Date "2022.03.15"]
[Round "7"]
[White "Hadzovic, Amir"]
[Black "Mrndjic, Muamer"]
[Result "0-1"]
[WhiteElo "2290"]
[BlackElo "2274"]
[PlyCount "84"]
[EventDate "2022.03.12"]
[EventType "tourn"]
[EventRounds "9"]
[EventCountry "BIH"]
[SourceTitle "CBM 207 Extra"]
[Source "ChessBase"]
[SourceDate "2022.05.31"]
[SourceVersion "1"]
[SourceVersionDate "2022.05.31"]
[SourceQuality "1"]

1. e4 c5 2. Be2 Nc6 3. f4 g6 4. Nf3 Bg7 5. c3 d5 6. d3 e5 7. 0-0 Nge7 8. Qe1 0-0 9. Qh4 c4 10. dxc4 dxe4 11. Ng5 h6 12. Nxe4 f5 13. Nf2 Be6 14. Na3 Qb6 15. Nc2 e4 16. Rb1 Rfe8 17. Be3 Qa6 18. Na3 Na5 19. Rfd1 Nxc4 20. Bd4 b5 21. Nxb5 Qxb5 22. b3 Qc6 23. bxc4 Nc8 24. c5 Qc7 25. Rb2 Rb8 26. Rbd2 Ne7 27. Bxg7 Kxg7 28. Rd6 Nc8 29. R6d4 Qxc5 30. Qg3 Rb2 31. Bh5 Ne7 32. h4 Kf6 33. Bxg6 Nxg6 34. h5 Ne7 35. Kh1 Rg8 36. Qh4+ Kf7 37. g4 Qxc3 38. g5 Qf3+ 39. Kg1 hxg5 40. fxg5 Rxg5+ 41. Qxg5 Qxf2+ 42. Kh1 Qh2# 0-1

[Event "Sarajevo Galijatovic Memorial 8th"]
[Site "Sarajevo"]
[Date "2022.03.13"]
[Round "4"]
[White "Mrkovic, Nikola"]
[Black "Hadzovic, Amir"]
[Result "0-1"]
[WhiteElo "1698"]
[BlackElo "2290"]
[PlyCount "62"]
[EventDate "2022.03.12"]
[EventType "tourn"]
[EventRounds "9"]
[EventCountry "BIH"]
[SourceTitle "CBM 207 Extra"]
[Source "ChessBase"]
[SourceDate "2022.05.31"]
[SourceVersion "1"]
[SourceVersionDate "2022.05.31"]
[SourceQuality "1"]

1. e4 c6 2. d4 d5 3. exd5 cxd5 4. Bd3 Nc6 5. c3 Qc7 6. Nf3 Bg4 7. 0-0 e6 8. Re1 Bd6 9. h3 Bh5 10. Be3 Nge7 11. Nbd2 h6 12. Qc2 0-0 13. Rac1 f5 14. c4 f4 15. c5 fxe3 16. cxd6 exf2+ 17. Kxf2 Qxd6 18. Kg1 Bxf3 19. Nxf3 Qg3 20. Qe2 Rf6 21. a3 Raf8 22. Rf1 Ng6 23. Bxg6 Qxg6 24. b4 a6 25. Kh1 Qe4 26. Qb2 Rf4 27. Rfe1 Qf5 28. b5 axb5 29. Qxb5 Rxf3 30. gxf3 Qxh3+ 31. Kg1 Qg3+ 0-1